000 00720nam a2200193 i 4500
001 54181
003 ES-MaACL
005 20250815063219.0
007 t|
008 960715s1857 fr |||| | fre d
100 1 _aFiguier, Louis,
_d1819-1894
_950814
245 1 4 _aLes applications nouvelles de la science a l'industrie et aux arts en 1855
_b: pour servir d'introduction áa l'Année scientifique et industrielle /
_cpar Louis Figuier.
250 _a2e éd.
260 _aParis :
_bLibrairie de L. Hachette et Cie.,
_c1857 (
_fImp. de Ch. Lahure et Cie.)
300 _aIV, 428 p. ;
_c19 cm.
650 7 _aInnovaciones tecnológicas
_2embne
_913790
852 _aES-MaACL
_jG-15029
999 _c54181
_d54181